|
|
|
|
| LEADER |
00000cam a2200000 7i4500 |
| 001 |
0000126587 |
| 005 |
20180516.0 |
| 008 |
180516t2017 my a 000 0 cn |
| 020 |
|
|
|a 9789830082257
|
| 040 |
|
|
|a PERPUSTAM
|b eng
|c PERPUSTAM
|e rda
|
| 090 |
0 |
0 |
|a JC 398.8
|b NIA
|
| 100 |
1 |
|
|a Nian,Hong ,
|d 1939- ,
|e author
|
| 245 |
1 |
0 |
|a Duo duo xiao hua :
|b ying you er ge xuan ji
|c Nian Hong zhu
|
| 246 |
3 |
3 |
|a Ying you er ge xuan ji
|
| 264 |
|
1 |
|a Johor Bahru :
|b Penerbitan Pelangi Sdn. Bhd.
|c 2017
|
| 300 |
|
|
|a ix, 240 pages :
|b colour illustrations ;
|c 26 cm + DVD Video.
|
| 336 |
|
|
|a text, rdacontent
|
| 337 |
|
|
|a unmediated
|2 rdamedia
|
| 338 |
|
|
|a volume
|2 rdacarrier
|
| 650 |
|
0 |
|a Nursery rhymes, Chinese
|
| 999 |
|
|
|a 0000481493
|b Buku
|c Koleksi Pinjaman Kanak-Kanak
|e Perbadanan Perpustakaan Awam Melaka
|
| 999 |
|
|
|a 0000481494
|b Buku
|c Koleksi Pinjaman Kanak-Kanak
|e Perbadanan Perpustakaan Awam Melaka
|
| 999 |
|
|
|a 0000481575
|b Digital Video Disc (DVD)
|c Koleksi Media
|e Perbadanan Perpustakaan Awam Melaka
|
| 999 |
|
|
|a 0000481576
|b Digital Video Disc (DVD)
|c Koleksi Media
|e Perbadanan Perpustakaan Awam Melaka
|